A topological introduction to nonlinear analysis
Αποθηκεύτηκε σε:
| Κύριος συγγραφέας: | |
|---|---|
| Μορφή: | Βιβλίο |
| Γλώσσα: | English |
| Δημοσίευση: |
Boston :
Birkhauser,
c1993
|
| Θέματα: | |
| Ετικέτες: |
Προσθήκη ετικέτας
Δεν υπάρχουν, Καταχωρήστε ετικέτα πρώτοι!
|
MARC
| LEADER | 00000nam a2200000 i 4500 | ||
|---|---|---|---|
| 001 | 1/76647 | ||
| 008 | 990519s1993 eng d | ||
| 020 | |a 0-8176-3706-0 | ||
| 035 | |l 10049662 | ||
| 040 | |a GR-MY-UA |b gre |e aacr | ||
| 041 | 0 | |a eng | |
| 082 | 0 | |a 515.7 | |
| 100 | 1 | |a Brown, Robert F., |d 1935- | |
| 245 | 1 | 2 | |a A topological introduction to nonlinear analysis / |c Robert F. Brown |
| 260 | |a Boston : |b Birkhauser, |c c1993 | ||
| 300 | |a viii, 146 p.; |b ill.; |c 24 cm. | ||
| 500 | |a Includes bibliographical references and index | ||
| 650 | 0 | 0 | |a Nonlinear functional analysis. |
| 852 | |a INST |b SAMOS |e 19990519 |h 515.7 BRO |p 005300014861 |q 005300014861 |t BK |y 0 | ||
| 901 | |a BIBL3-1999-2 | ||
| 909 | |a Σ |b 064560 | ||
| 922 | |a 3ΕΛΗ |b 199903 |c ΚΠΣ |d LEADER | ||
| 950 | |a 116-1998-08-10 | ||